000
00295nam a22001337a 4500
008
190304b xxu||||| |||| 00| 0 eng d
020
_a
0781750202
041
_a
eng
080
_2
6th
_a
616.8
100
_a
7
101
_a
NEU
245
_a
Manual of Nephrology
_c
Schrier,R.W
942
_2
udc
_c
BK
999
_c
54424
_d
54424